000 00670 a2200205 4500
999 _c3418
_d3418
020 _a0748728570
050 0 0 _aPN2037 PRA 1997
100 _aMackey, Sally
_eeditor
245 0 0 _aPractical theatre :
_ba post-16 approach /
_ceditor, Sally Mackey.
264 _aCheltenham
_bStanley Thornes Publishers
_c1997
300 _axiv, 386 p. :
_bill. ;
500 _aIncludes index
504 _aIncludes bibliographical references (p. 378-384)
650 0 _aTheater.
650 0 _aTheater
_xProduction and direction.
650 0 _aActing.
700 1 _aMackey, Sally.
_eeditor
942 _2lcc
_cBK
_h2037
_iPRA
_kPN